Terms of exchange and accumulation: the Soviet debate (Record no. 349190)

000 -LEADER
fixed length control field 00363cam a22001217a 4500
008 - FIXED-LENGTH DATA ELEMENTS--GENERAL INFORMATION
fixed length control field 180718b1977 xxu||||| |||| 00| 0 eng d
082 ## - DEWEY DECIMAL CLASSIFICATION NUMBER
Classification number T0x47 M697
100 ## - MAIN ENTRY--PERSONAL NAME
Personal name Mitra, Ashok
245 ## - TITLE STATEMENT
Title Terms of exchange and accumulation: the Soviet debate
Statement of responsibility, etc. by Ashok Mitra
260 ## - PUBLICATION, DISTRIBUTION, ETC.
Place of publication, distribution, etc. New Delhi
Name of publisher, distributor, etc. Orient Longman
Date of publication, distribution, etc. 1977
300 ## - PHYSICAL DESCRIPTION
Extent 39p.
650 ## - SUBJECT ADDED ENTRY--TOPICAL TERM
Topical term or geographic name entry element U.S.S.R.- Economic history
Holdings
Withdrawn status Lost status Damaged status Not for loan Permanent Location Current Location Date acquired Full call number Barcode Date last seen Price effective from Koha item type
        Indian Institute of Public Administration Indian Institute of Public Administration 1993-10-29 T0x47 M697 57224 2018-07-21 2018-07-21 Book

Powered by Koha